Statistics for Countries with over 1 Million Spanish Speakers

Click here to take the quiz!

General Stats

  • This quiz has been taken 67 times
    (49 since last reset)
  • The average score is 18 of 20

Answer Stats

# of SpeakersCountries% Correct
130,222,815Mexico
100%
47,003,901Spain
100%
44,259,883Argentina
98%
52,600,000United States of America
98%
17,248,450Chile
95%
48,258,494Colombia
95%
29,797,694Peru
95%
4,468,000Costa Rica
93%
10,090,000Dominican Republic
93%
11,204,000Guatemala
93%
29,210,000Venezuela
93%
11,268,000Cuba
90%
3,343,000Paraguay
90%
3,340,000Uruguay
90%
10,426,154Bolivia
88%
6,857,000El Salvador
88%
14,170,000Ecuador
85%
7,876,197Honduras
85%
5,603,000Nicaragua
85%
6,676,018Brazil
76%

Score Distribution

Percentile by Number Answered

Percent of People with Each Score

Your Score History

You have not taken this quiz since the last reset